| 000 | 00672cab a2200229 4500 | ||
|---|---|---|---|
| 001 | WB2909-44 | ||
| 008 | 090401t1993 xxu||||| |||| 00| 0 eng d | ||
| 035 | _a(Sirsi) u63167 | ||
| 041 | _aeng | ||
| 245 | _aAbbey National agency for sale | ||
| 260 | _c1993 | ||
| 350 | _a0 | ||
| 490 |
_aFinancial Times _v3 March 1993, 24 |
||
| 490 |
_aTimes _v3 March 1993, 23(2) |
||
| 520 | _aAbbey National is putting its estate agency division Cornerstone (355 branches) up for sale. | ||
| 650 | _aABBEY NATIONAL | ||
| 650 | _aCORNERSTONE | ||
| 650 | _aESTATE AGENCY | ||
| 690 | _aMANAGEMENT-BUSINESS MANAGEMENT-PROFESSIONAL PRACTICE | ||
| 942 | _n0 | ||
| 948 | _c04/03/1997 | ||
| 999 |
_c39274 _d39274 |
||